1156 1994 1077 1569 1989 1171 1382 1699 1912 1310 1256 1739 1451 1636 1033 1035 1434 1540 1189 1193 1763 1604 1055 1301 1634 1234 1440 1550 1255 1220 1425 1477 1285 1372 1125 1652 1931 1032 1559 1954 1945 1083 1160 1275 1821 1703 1752 1105 1196 1511 1043 1209 1418 1960 1575 1170 1100 1904 1889 1676 1676 1955 1559 1464 1537 1077 1138 1554 1528 1534 1426 1622 1959 1787 1706 1556 1841 1809 1571 1155 1249 1689 1519 1944 1756 1150 1182 1708 1299 1989 1957 1386 1055 1198 1468 1735 1586 1103 1665 BCNSPRNW ULIB Ver.6.0+V

เปลี่ยนเป็นภาษาไทย

Change to English
 แสดงรายละเอียดบรรณานุกรม
  กลับหน้าหลัก

Brief Record : Get Marc (ISO 2709) : E-mail record : QR code < ปิดหน้าต่าง
LEADER : 00000nam 2200000uu 4500
001    13399123235
003     ULIB
008    020711s2548 th a 000 0 tha d
050 14 LB1027^bส111ค
110    กระทรวงการท่องเที่ยวและกีฬา.^bกรมพลศึกษา.^bสถาบันพัฒนาบุคลากรการพลศึกษาและการกีฬา.
245    คู่มือการฝึกอบรมผู้ฝึกสอนกีฬาระดับพื้นฐานฟุตบอล/^cสถาบันพัฒนาบุคลากรการพลศึกษาและการกีฬา
260    กรุงเทพฯ :^bโรงพิมพ์สหกรณ์การเกษตรแห่งประเทศไทย,^c2548
300    138 หน้า;^b26 ซม.
650    ฟุตบอล
945    ^p0^l0^i20366
999    ^aทศพร เกษรทอง
รายการนี้ยังไม่มีแท็ก
คุณยังไม่ได้ล็อกอิน คุณสามารถมีกิจกรรมร่วมกับเว็บไซต์ได้ แต่ต้องล็อกอินก่อน ::
  ล็อกอิน

รายการสื่อสารสนเทศ

ลำดับที่ ประเภท เลขเรียก/บาร์โค้ด สถานที่ สถานะ
1. การศึกษาทั่วไป
การศึกษาทั่วไป
LB1027 ส111ค ฉ.1 
  Barcode: 20366
ห้องสมุดวิทยาเขตนครสวรรค์
►หนังสือทั่วไป:l:General Books
บนชั้น
Note:อภินันทนาการ

BibComment


ยังไม่เคยถูกคอมเมนท์

คอมเมนท์ทรัพยากรรายการนี้
  คอมเมนท์: คู่มือการฝึกอบรมผ..


 Copyright 2026. Bcnsprnw @Library